Zahraničný obchod Slovenskej republiky v roku 1939
Na minha lista:
| Formato: | Livro |
|---|---|
| Idioma: | eslovaco |
| Publicado em: |
Bratislava
Štátny štatistický úrad
1939
|
| Tags: |
Sem tags, seja o primeiro a adicionar uma tag!
|
MARC
| LEADER | 00000nam$a2200000$$$4500 | ||
|---|---|---|---|
| 001 | 0017485 | ||
| 005 | 20240109101448.9 | ||
| 041 | 0 | |a slo | |
| 044 | |a SK | ||
| 245 | 1 | 0 | |a Zahraničný obchod Slovenskej republiky v roku 1939 |
| 264 | 1 | |a Bratislava |b Štátny štatistický úrad |c 1939 | |